Gestión Empresarial de los Sistemas de Calidad Fundamentada en las Normas ISO 9000, 9001, y 9004, en Empresas Comerciales de Cotuí / (Registro nro. 23933)

Detalles MARC
000 -LEADER
fixed length control field 01144nam a22002537a 4500
003 - CONTROL NUMBER IDENTIFIER
control field DO-CoUTE
005 - DATE AND TIME OF LATEST TRANSACTION
control field 20251016113024.0
008 - FIXED-LENGTH DATA ELEMENTS--GENERAL INFORMATION
fixed length control field 251016b dr ||||| |||| 00| 0 spa d
040 ## - CATALOGING SOURCE
Original cataloging agency DO-CoUTE
Language of cataloging spa
Transcribing agency DO-CoUTE
041 ## - LANGUAGE CODE
Language code of text/sound track or separate title spa
092 ## - LOCALLY ASSIGNED DEWEY CALL NUMBER (OCLC)
Classification number GEM 2023 F44
100 1# - MAIN ENTRY--PERSONAL NAME
Personal name Figueroa Sánchez, Pedro
Relator term sustentante
245 10 - TITLE STATEMENT
Title Gestión Empresarial de los Sistemas de Calidad Fundamentada en las Normas ISO 9000, 9001, y 9004, en Empresas Comerciales de Cotuí /
Statement of responsibility, etc. Pedro Figueroa Sánchez ; asesor, Marién Emilio Acosta Otáñez
260 ## - PUBLICATION, DISTRIBUTION, ETC.
Place of publication, distribution, etc. Cotuí, República Dominicana ;
Name of publisher, distributor, etc. UTECO,
Date of publication, distribution, etc. 2023
300 ## - PHYSICAL DESCRIPTION
Extent 90 paginas :
Dimensions 23cm,
Accompanying material + 1 CD-ROM
502 ## - DISSERTATION NOTE
Dissertation note Trabajo PostGrado en ( Gestion Empresarial) Universidad Tecnológica del Cibao Oriental, 2023.<br/><br/>
504 ## - BIBLIOGRAPHY, ETC. NOTE
Bibliography, etc. note Incluye referencia bibliográfica e índice.<br/><br/>
650 #4 - SUBJECT ADDED ENTRY--TOPICAL TERM
Topical term or geographic name entry element Gestion Empresarial
700 1# - ADDED ENTRY--PERSONAL NAME
Personal name Pedro Figueroa Sánchez
Relator term sustentante
700 1# - ADDED ENTRY--PERSONAL NAME
Personal name Marién Emilio Acosta Otáñez
Relator term asesor
830 ## - SERIES ADDED ENTRY--UNIFORM TITLE
Uniform title Tesis y disertaciones académicas (Universidad Tecnológica del Cibao Oriental)
856 ## - ELECTRONIC LOCATION AND ACCESS
Link text Haga Click Aquí para Descargar en Texto Completo
942 ## - ADDED ENTRY ELEMENTS (KOHA)
Source of classification or shelving scheme Dewey Decimal Classification
Koha item type Tesis
Existencias
Withdrawn status Lost status Source of classification or shelving scheme Damaged status Not for loan Collection code Home library Current library Shelving location Date acquired Inventory number Full call number Barcode Date last seen Copy number Price effective from Koha item type
    Dewey Decimal Classification     e-Tesis (en CD) Biblioteca UTECO Biblioteca UTECO En el Carrito 10/16/2025 23933 GEM 2023 F44 23933 10/16/2025 Ej.1 10/16/2025 Tesis
© 2021 Derechos Reservados UTECO - Teléfono: +1 809-585-2291 - Correo electrónico: biblioteca@uteco.edu.do​  
Código postal 43000 ​​
Dirección: Avenida Universitaria No. 100, 
Cotuí, Provincia Sánchez Ramírez, República Dominicana - RNC: 404-00059-6